Football Player by Picture (Ligue 1) - Statistics

General Stats
  • This quiz has been taken 23 times
  • The average score is 12 of 30
Answer Stats
Picture Answer % Correct
Franck Ribéry
100%
N'Golo Kanté
90%
Julian Draxler
75%
Steve Mandanda
75%
Riyad Mahrez
70%
Layvin Kurzawa
65%
Junya Ito
50%
Maxwell
50%
André-Pierre Gignac
45%
Burak Yilmaz
45%
Eliesse Ben Seghir
45%
Benjamin André
35%
Raphaël Guerreiro
35%
Romain del Castillo
35%
Valentin Barco
35%
Daniel Wass
30%
Léo Dubois
30%
Loïc Perrin
30%
Maxwell Cornet
30%
Vitorino Hilton
30%
Martin Terrier
25%
Claudio Beauvue
20%
Jeff Reine-Adélaïde
20%
Joachim Andersen
20%
Ryad Boudebouz
20%
Saïd Benrahma
15%
Alou Diarra
10%
Frédéric Sammaritano
10%
Franck Béria
5%
Renato Civelli
5%
No matching quizzes found
Score Distribution
Percent of People with Each Score
Percentile by Number Answered
Your Score History
You have not taken this quiz